• 首页
  • 本馆介绍
  • 公告通知
  • 最新文献
  • 馆藏检索
  • 电子资源
  • 读者导购
  • 参考咨询
  • 我的图书馆
  • 登录
  • 详细信息显示
  • 放入我的书架
  • 预约/预借图书
  • 作者相关作品
  • 分类相关作品
  • 丛书相关作品
  • 出版社相关作品

书目信息

  • 表格格式
  • 工作单格式
  • 卡片格式
题名:
绘画中的世界观
    
 
作者: (美) 迈耶·夏皮罗 著
分册:  
出版信息: 南京   南京大学出版社  2020
页数: 162页
开本: 23cm
丛书名: 当代学术棱镜译丛
单 册:
中图分类: J202
科图分类:
主题词: 绘画--艺术哲学--研究
电子资源:
ISBN: 978-7-305-21184-3
000 00934nam0 2200241 450
001 2069802434
005 20201201195825.65
010    @a978-7-305-21184-3@dCNY55.00
100    @a20181129d2020 em y0chiy0110 ea
101 0  @achi
102    @aCN@b320000
105    @ay z 000yy
200 1  @a绘画中的世界观@9hui hua zhong de shi jie guan@f(美) 迈耶·夏皮罗著
210    @a南京@c南京大学出版社@d2020
215    @a162页@d23cm
225 2  @a当代学术棱镜译丛
330    @a本书主要讨论了艺术与哲学的关系。本书由两部分组成。第一部分包括两篇文章,探讨的是“绘画中的哲学”这一主题。这两篇文章皆为迈耶的演讲稿。第二部分讨论的是社会、艺术与艺术家之间的关系,收录了迈耶就此所做的一系列讲演、讲座以及发表过的文章。
410  0 @12001 @a当代学术棱镜译丛
606 0  @a绘画@x艺术哲学@x研究
690    @aJ202@v5
701  0 @a(美) 迈耶·夏皮罗@9mai ye xia pi luo@4著
801  2 @aCN@bhttp://www.sjzwtrj.cn@c2018-11-29
905    @aZUCC@dJ202@e2
    
    绘画中的世界观/(美) 迈耶·夏皮罗著.-南京:南京大学出版社,2020
    162页;23cm.-(当代学术棱镜译丛)
    
    
    ISBN 978-7-305-21184-3:CNY55.00
    本书主要讨论了艺术与哲学的关系。本书由两部分组成。第一部分包括两篇文章,探讨的是“绘画中的哲学”这一主题。这两篇文章皆为迈耶的演讲稿。第二部分讨论的是社会、艺术与艺术家之间的关系,收录了迈耶就此所做的一系列讲演、讲座以及发表过的文章。
●
相关链接 在五车中查询图书 在当当中查询图书 在豆瓣中查询图书


正题名:绘画中的世界观     索取号:J202/2         预约/预借

序号 登录号 条形码 馆藏地/架位号 状态 备注
1 2000874191   2000874191   第二书库/ [索取号:J202/2] 在馆    
2 2000874192   2000874192   第二书库/ [索取号:J202/2] 在馆    
3 2000874193   2000874193   第二书库/ [索取号:J202/2] 在馆    
山东省滨州职业学院图书馆 欢迎您!
大连网信软件有限公司© 版权所有